Handbook of small modular nuclear reactors / (Record no. 355601)
[ view plain ]
| 000 -LEADER | |
|---|---|
| fixed length control field | 00707cam a22002535i 4500 |
| 001 - CONTROL NUMBER | |
| control field | 18142812 |
| 003 - CONTROL NUMBER IDENTIFIER | |
| control field | Nust- CAS-E |
| 005 - DATE AND TIME OF LATEST TRANSACTION | |
| control field | 20180118181407.0 |
| 008 - FIXED-LENGTH DATA ELEMENTS--GENERAL INFORMATION | |
| fixed length control field | 140507s2014 mau 000 0 eng |
| 010 ## - LIBRARY OF CONGRESS CONTROL NUMBER | |
| LC control number | 2014940212 |
| 020 ## - INTERNATIONAL STANDARD BOOK NUMBER | |
| International Standard Book Number | 9780857098511 |
| 040 ## - CATALOGING SOURCE | |
| Original cataloging agency | DLC |
| Language of cataloging | eng |
| Description conventions | rda |
| Transcribing agency | DLC |
| 042 ## - AUTHENTICATION CODE | |
| Authentication code | pcc |
| 082 ## - DEWEY DECIMAL CLASSIFICATION NUMBER | |
| Edition number | 23 |
| Classification number | 621.483 |
| Author Mark | HAN 2015 C-1 |
| 100 1# - MAIN ENTRY--PERSONAL NAME | |
| Personal name | Carelli, M D. |
| 245 10 - TITLE STATEMENT | |
| Title | Handbook of small modular nuclear reactors / |
| Statement of responsibility, etc. | M D Carelli, D T Ingersoll. |
| 250 ## - EDITION STATEMENT | |
| Edition statement | 1st edition. |
| 263 ## - PROJECTED PUBLICATION DATE | |
| Projected publication date | 1411 |
| 300 ## - PHYSICAL DESCRIPTION | |
| Extent | pages cm |
| 502 ## - DISSERTATION NOTE | |
| Dissertation note | 0 |
| 906 ## - LOCAL DATA ELEMENT F, LDF (RLIN) | |
| a | 0 |
| b | ibc |
| c | orignew |
| d | 2 |
| e | epcn |
| f | 20 |
| g | y-gencatlg |
| 942 ## - ADDED ENTRY ELEMENTS (KOHA) | |
| Source of classification or shelving scheme | |
| Koha item type | Book |
| Withdrawn status | Lost status | Source of classification or shelving scheme | Damaged status | Not for loan | Collection code | Permanent Location | Current Location | Shelving location | Date acquired | Source of acquisition | Cost, normal purchase price | Total Checkouts | Full call number | Barcode | Date last seen | Price effective from | Koha item type |
|---|---|---|---|---|---|---|---|---|---|---|---|---|---|---|---|---|---|
| US-Pakistan Center for Advanced Studies in Energy (USPCAS-E) | US-Pakistan Center for Advanced Studies in Energy (USPCAS-E) | 11/09/2015 | Multiline Books | 39185.00 | 621.483 HAN 2015 C-1 | CAS-E0000703 | 11/09/2015 | 11/09/2015 | Book | ||||||||
| US-Pakistan Center for Advanced Studies in Energy (USPCAS-E) | US-Pakistan Center for Advanced Studies in Energy (USPCAS-E) | 11/09/2015 | Multiline Books | 39185.00 | 621.483 HAN 2015 C-2 | CAS-E0000704 | 11/09/2015 | 11/09/2015 | Book |
